[Event "Championnat de France - Open A"]
[Site "VAL D ISERE"]
[Date "????.??.??"]
[Round "9.2"]
[White "Aurel, Luc"]
[Black "Plane, Boris"]
[Result "0-1"]
[WhiteElo "2187"]
[BlackElo "2134"]
[PlyCount "72"]

1. c4 e5 2. g3 d6 3. Bg2 f5 4. d3 Nf6 5. Nc3 g6 6. e4 c6 7. Nge2 Bg7 8. O-O O-O
9. exf5 gxf5 10. d4 Qe8 11. dxe5 dxe5 12. f4 e4 13. Nd4 Qf7 14. Qe2 Rd8 15. Nc2
Be6 16. Ne3 h5 17. h3 Na6 18. Bd2 Nc5 19. Ncd1 Qg6 20. Kh2 Rd7 21. Rc1 Rad8 22.
Rc2 Nd3 23. Bc3 Kf7 24. Bh1 Rg8 25. Rg1 Bh6 26. Qf1 Nxf4 27. Rf2 Nd3 28. Nxf5
Nxf2 29. Nxh6+ Qxh6 30. Qxf2 Ke7 31. Rf1 Rg6 32. Bxe4 Nxe4 33. Bb4+ c5 34.
Bxc5+ Kd8 35. Bb6+ axb6 36. Qxb6+ Ke8 0-1

[Event "Championnat de France - Open A"]
[Site "VAL D ISERE"]
[Date "????.??.??"]
[Round "9.3"]
[White "Bodenez, Vincent"]
[Black "Chouquet, Adrien"]
[Result "1/2-1/2"]
[WhiteElo "2174"]
[BlackElo "2107"]
[PlyCount "66"]

1. d4 Nf6 2. Bg5 e6 3. Nd2 d5 4. e3 c5 5. c3 h6 6. Bh4 Qb6 7. Bxf6 gxf6 8. Qb3
Nc6 9. Ngf3 Qxb3 10. Nxb3 c4 11. Nbd2 f5 12. h3 Rg8 13. b3 b5 14. a4 b4 15.
cxb4 c3 16. Nb1 Nxb4 17. Na3 Rb8 18. Bb5+ Bd7 19. Bxd7+ Kxd7 20. Ne5+ Ke8 21.
g3 f6 22. Nf3 Nd3+ 23. Ke2 Rxb3 24. Kxd3 Bxa3 25. Rhb1 Bb2 26. Kc2 Rb4 27. Ne1
Rc4 28. Ra2 Ke7 29. Nd3 Rb8 30. h4 a5 31. Rg1 Kd6 32. f4 h5 33. Rb1 Rb6 1/2-1/2

[Event "Championnat de France - Open A"]
[Site "VAL D ISERE"]
[Date "????.??.??"]
[Round "9.4"]
[White "Aout, Sebastien"]
[Black "Marin, Sebastien"]
[Result "0-1"]
[WhiteElo "2198"]
[BlackElo "2112"]
[PlyCount "77"]

1. c4 g6 2. g3 Bg7 3. Bg2 d6 4. d3 e5 5. Nc3 Nf6 6. e4 O-O 7. Nge2 Be6 8. O-O
Qd7 9. f4 c6 10. Rb1 Na6 11. b4 Nc7 12. b5 cxb5 13. Nxb5 Nxb5 14. Rxb5 a6 15.
Rb6 Qc7 16. Qb3 Qc5+ 17. Kh1 Bg4 18. Ng1 Rad8 19. Ba3 Qd4 20. h3 Nh5 21. hxg4
Nxg3+ 22. Kh2 Nxf1+ 23. Bxf1 Qf2+ 24. Bg2 exf4 25. Nf3 Bd4 26. Rxd6 Be3 27.
Rxd8 Qg3+ 28. Kh1 Rxd8 29. Be7 Rd7 30. Bf6 Qxg4 31. Qc2 Qh5+ 32. Nh2 Qa5 33.
Bc3 Qd8 34. Bf3 b5 35. cxb5 axb5 36. Ba1 Qe7 37. Qb1 Qc5 38. Be2 Rc7 39. Nf1 {
Plus de temps...} 0-1

[Event "Championnat de France - Open A"]
[Site "VAL D ISERE"]
[Date "????.??.??"]
[Round "9.5"]
[White "Redon, Bruno"]
[Black "Laval, Brice"]
[Result "1-0"]
[WhiteElo "2190"]
[BlackElo "2106"]
[PlyCount "71"]

1. d4 Nf6 2. c4 g6 3. Nc3 Bg7 4. e4 d6 5. Nf3 O-O 6. Be2 e5 7. O-O Nc6 8. d5
Ne7 9. b4 Nd7 10. Nd2 f5 11. Nb3 Nf6 12. Bg5 fxe4 13. Bxf6 Rxf6 14. Nxe4 Rf4
15. Bf3 Rf7 16. Rc1 Nf5 17. c5 Nd4 18. Nxd4 exd4 19. cxd6 cxd6 20. Rxc8 Rxc8
21. Bg4 Rfc7 22. Be6+ Kh8 23. Bxc8 Qxc8 24. Re1 Be5 25. g3 Qd7 26. f4 Bg7 27.
Ng5 Rc3 28. Ne6 Re3 29. Rxe3 dxe3 30. Qc1 e2 31. Kf2 h6 32. Qc4 Qf7 33. Kxe2
Qf5 34. Qc8+ Kh7 35. Qc7 Qe4+ 36. Kf2 1-0

[Event "Championnat de France - Open A"]
[Site "VAL D ISERE"]
[Date "????.??.??"]
[Round "9.6"]
[White "Landre, Tristan"]
[Black "Medghoul, Sherif"]
[Result "1/2-1/2"]
[WhiteElo "2067"]
[BlackElo "2163"]
[PlyCount "47"]

1. e4 e6 2. d4 d5 3. Nc3 Nf6 4. Bg5 Bb4 5. e5 h6 6. Bd2 Bxc3 7. bxc3 Ne4 8. Qg4
g6 9. Bd3 Nxd2 10. Kxd2 c5 11. h4 Qa5 12. Nf3 Nc6 13. Qf4 cxd4 14. Nxd4 Nxd4
15. Qxd4 Bd7 16. Rh3 b6 17. Rf3 Rc8 18. Rb1 Qc5 19. Rb3 Qxd4 20. cxd4 Rc7 21.
Ba6 Bc8 22. Bb5+ Bd7 23. Ba6 Bc8 24. Bb5+ 1/2-1/2

[Event "Championnat de France - Open A"]
[Site "VAL D ISERE"]
[Date "????.??.??"]
[Round "9.7"]
[White "Soyez, Cyril"]
[Black "Entem, Alan"]
[Result "1-0"]
[WhiteElo "2144"]
[BlackElo "2031"]
[PlyCount "141"]

1. c4 g6 2. g3 Bg7 3. Bg2 c5 4. Nc3 Nc6 5. Nf3 Nf6 6. d4 O-O 7. O-O d6 8. d5
Na5 9. Qd3 a6 10. Bd2 b5 11. cxb5 axb5 12. Qxb5 Ba6 13. Qa4 Nc4 14. Qc2 Rb8 15.
Rfb1 Nxd2 16. Nxd2 Qa5 17. a4 Rb7 18. e4 Ng4 19. h3 Ne5 20. Bf1 c4 21. Ra3 Rc8
22. Nb5 Bxb5 23. axb5 Qxb5 24. Rb3 Qa6 25. Rxb7 Qxb7 26. Nxc4 Qb4 27. b3 h5 28.
f4 Nf3+ 29. Kh1 Ra8 30. Qd3 Nd4 31. e5 Nf5 32. g4 hxg4 33. hxg4 Nh6 34. g5 Nf5
35. Bh3 Ra2 36. Bxf5 gxf5 37. exd6 exd6 38. Rg1 Qc5 39. Rg2 Ra1+ 40. Kh2 Bd4
41. Qxf5 Bg1+ 42. Kh3 Bf2 43. g6 Rh1+ 44. Rh2 Rxh2+ 45. Kxh2 fxg6 46. Qxg6+ Kh8
47. Nxd6 Bg1+ 48. Qxg1 Qxd6 49. Qd4+ Kg8 50. b4 Qh6+ 51. Kg3 Qg6+ 52. Kf3 Qh5+
53. Ke3 Qh3+ 54. Ke4 Qg2+ 55. Kd3 Qf1+ 56. Kc2 Qe2+ 57. Kc3 Qf3+ 58. Kc4 Qe2+
59. Kc5 Qa6 60. d6 Qa7+ 61. Kc4 Qa2+ 62. Kb5 Qa8 63. d7 Qb7+ 64. Ka4 Qa8+ 65.
Kb3 Qf3+ 66. Kc2 Qc6+ 67. Kd2 Qg2+ 68. Ke3 Qh3+ 69. Kd2 Qg2+ 70. Kc3 Qf3+ 71.
Qd3 1-0

[Event "Championnat de France - Open A"]
[Site "VAL D ISERE"]
[Date "????.??.??"]
[Round "9.8"]
[White "Simondet, Camille"]
[Black "Brethes, Francois"]
[Result "1/2-1/2"]
[WhiteElo "1989"]
[BlackElo "2114"]
[PlyCount "94"]

1. d4 b6 2. c4 e6 3. Nf3 Bb7 4. g3 Nf6 5. Bg2 c5 6. e3 cxd4 7. exd4 Bb4+ 8. Bd2
Bxd2+ 9. Nbxd2 O-O 10. O-O d5 11. Ne5 Qe7 12. Qa4 dxc4 13. Bxb7 Qxb7 14. Ndxc4
Rd8 15. Rfd1 b5 16. Qa5 Nc6 17. Nxc6 Qxc6 18. Ne5 Qb7 19. Rac1 Rac8 20. Rc5 a6
21. Rdc1 Nd5 22. a3 f6 23. Nd3 Ne7 24. Rc7 Qf3 25. Rxc8 Rxc8 26. Rxc8+ Nxc8 27.
Qd8+ Kf7 28. Qxc8 Qxd3 29. Qd7+ Kg6 30. Qxe6 Qxd4 31. g4 Qd3 32. h4 Kh6 33. Kg2
Qd4 34. Qe3+ Qxe3 35. fxe3 Kg6 36. Kf3 h5 37. e4 hxg4+ 38. Kxg4 Kh6 39. h5 g6
40. hxg6 Kxg6 41. b3 Kf7 42. Kf4 Ke7 43. e5 fxe5+ 44. Kxe5 Kd7 45. Kd5 Kc7 46.
Kc5 Kb7 47. Kd6 Kb6 1/2-1/2

[Event "Championnat de France - Open A"]
[Site "VAL D ISERE"]
[Date "????.??.??"]
[Round "9.9"]
[White "Debray, Tristan"]
[Black "Agrech, Pierre"]
[Result "1-0"]
[WhiteElo "2114"]
[BlackElo "1975"]
[PlyCount "41"]

1. e4 c5 2. Nc3 g6 3. g3 Bg7 4. Bg2 e6 5. d3 Ne7 6. Be3 d6 7. Qd2 O-O 8. Bh6 d5
9. h4 dxe4 10. Bxg7 Kxg7 11. Nxe4 Qd4 12. c3 Qd5 13. c4 Qe5 14. h5 Ng8 15. Nf3
Qf5 16. Qe3 Nd7 17. Bh3 Qxh5 18. g4 Qh6 19. g5 Qh5 20. Ng3 Qxf3 21. Qxf3 1-0

[Event "Championnat de France - Open A"]
[Site "VAL D ISERE"]
[Date "????.??.??"]
[Round "9.10"]
[White "Trouilleux, Kevin"]
[Black "Depyl, Pascal"]
[Result "1/2-1/2"]
[WhiteElo "2132"]
[BlackElo "2190"]
[PlyCount "54"]

1. e4 d6 2. d4 Nf6 3. Nc3 c6 4. f4 Qa5 5. e5 Ne4 6. Qf3 Nxc3 7. Bd2 Qd5 8. bxc3
Qxf3 9. Nxf3 Bf5 10. Bd3 Bxd3 11. cxd3 e6 12. Rb1 b6 13. O-O d5 14. f5 Be7 15.
fxe6 fxe6 16. Bg5 Nd7 17. Rb2 Rf8 18. Bxe7 Kxe7 19. Rbf2 Rf5 20. g4 Rf4 21. h3
Raf8 22. Ng5 Rxf2 23. Rxf2 Rxf2 24. Kxf2 h6 25. Nf3 a5 26. Ke3 b5 27. h4 Nb6
1/2-1/2